000 00559nam a22001937a 4500
003 OSt
005 20251122114319.0
008 251122b |||||||| |||| 00| 0 eng d
040 _aDWCL-Main lib.
_cOC
082 _aGR. 641.597 W859c 1970
100 _aWolfe, Linda
245 _aThe cooking of the Carribean Islands/
_cLinda Wolfe
260 _aN. Y. :
_bTime-Life Books,
_c c1970.
300 _a208 p. :
_b col. ill. ;
_c28 cm.
504 _aIncludes indexes.
650 _aCooking-Carribean.
700 _aMeek, Richard
942 _2ddc
_cGR
_hGR.
_n0
999 _c6037
_d6037